banner koha

Avaliação da eficiência de cal virgem na inativação de ovos de nematoides (Strongyloides sp.) parasitos de pacas (Cuniculus paca) criadas em cativeiro (Registro n. 300462)

MARC details
000 -LÍDER
fixed length control field 04566nab a2200373 i 4500
003 - CÓDIGO MARC DA AGÊNCIA CATALOGADORA
Campo de controle BR-BrBNA
005 - DATA E HORA DA ÚLTIMA ATUALIZAÇÃO
Campo de controle 20240709141107.0
008 - CAMPO DE TAMANHO FIXO
fixed length control field 240709b2017 bl.|r|pooa||| 00| 0 por |
040 ## - FONTE DA CATALOGAÇÃO
Agência catalogadora BR-BrBNA
Idioma da catalogação por
072 ## - CATEGORIA AGRIS
Código AGRIS L72
Código do objeto 8810
072 ## - CATEGORIA AGRIS
Código AGRIS L70
100 ## - ENTRADA PRINCIPAL - NOME PESSOAL
Nome pessoal Ribeiro, V.M.F. ,
100 ## - ENTRADA PRINCIPAL - NOME PESSOAL
Nome pessoal Faino, A.L.
100 ## - ENTRADA PRINCIPAL - NOME PESSOAL
Nome pessoal Peruquetti, R.C.
100 ## - ENTRADA PRINCIPAL - NOME PESSOAL
Nome pessoal Souza, S.F.
100 ## - ENTRADA PRINCIPAL - NOME PESSOAL
Nome pessoal Medeiros, L.S. ,
100 ## - ENTRADA PRINCIPAL - NOME PESSOAL
Nome pessoal Karaccas, Y.
100 ## - ENTRADA PRINCIPAL - NOME PESSOAL
Nome pessoal Santos, F.G.A. .
245 ## - TÍTULO PRINCIPAL
Título principal Avaliação da eficiência de cal virgem na inativação de ovos de nematoides (Strongyloides sp.) parasitos de pacas (Cuniculus paca) criadas em cativeiro
500 ## - NOTA GERAL
Nota geral Publicação online; 29 ref; 5 illus.; Summaries (En, Pt)
942 ## - ADDED ENTRY ELEMENTS (KOHA)
Koha item type
520 ## - NOTA DE RESUMO
Nota de conteúdo <br/><br/>RESUMO - Criadores de animais silvestres sempre buscam métodos eficientes de manter sua criação. Parasitos intestinais afetam os animais em cativeiro, diminuindo sua sobrevivência e reprodução. Este estudo teve como objetivo avaliar a eficácia do uso de cal virgem na desinfecção do solo e na prevenção da reinfestação de endoparasitos em pacas (Cuniculus paca) em cativeiro. Amostras de solo das baias de criação foram analisadas usando-se o método de Rugai modificado. Duas etapas foram avaliadas: a primeira aos cinco, 45 e 105 minutos após os tratamentos, e a segunda aos sete dias e aos 14 dias após os tratamentos. Os valores de pH das amostras foram verificados após a aplicação de quatro tratamentos. Foram aplicados 400g/m2 de cal virgem a lanço ou 500mL/m2 de três soluções de cal virgem (10%, 20% ou 40% p/v). Na primeira etapa, a cal a lanço foi ineficaz na modificação do pH do solo e no controle de parasitos. A solução a 10% proporcionou o melhor controle dos parasitos. Na segunda etapa, as soluções foram eficazes na elevação do pH, porém não houve diferença significativa nos achados larvais. Concluiu-se que, nas condições do estudo, a solução a 10% aumentou o pH do solo e teve boa capacidade de inativação dos ovos de Strongyloides sp., o que economicamente é interessante. Porém, para o controle eficiente de Strongyloides sp. em cativeiros de pacas, deve-se considerar a frequência da aplicação de soluções com até 20% de cal, juntamente com a adoção de um programa de vermifugação.<br/><br/><br/>Palavras-chave: animal silvestre, desinfecção, produção, manejo sanitário
520 ## - NOTA DE RESUMO
Nota de conteúdo <br/><br/>ABSTRACT - Wild animal breeders are always looking for effective ways to care for their livestock. Intestinal parasites affect animals in captivity, reducing their survival and reproduction. This study aimed to evaluate the effectiveness of quicklime for use in soil disinfection and prevention of reinfection of endoparasites in paca (Cuniculus paca) kept in captivity. Soil samples of pacas’ stalls were analyzed using the modified Rugai method. Two experimental stages were evaluated; the first at 5, 45 and 105 minutes after treatment and the second at 7 days and 14 days after treatment. The pH values of the samples were checked after the application of four treatments. An application of 400g/m2 of quicklime spread out on ground or 500mL/m2 of three lime solutions (10%, 20% or 40%, w / v) applied on ground. In the first stage, the lime spread out on soil was ineffective in parasites control, while the 10% solution provided the best control of parasites. In the second stage, the solutions were effective in raising the pH, but there was no significant difference in larval findings. In conclusion, under the conditions of the study, 10% solution increased the soil pH and had good ability to inactivate the eggs of Strongyloides sp.; that is economically interesting. However, for effective control of Strongyloides sp. in pacas kept captive, both the frequency of application of solutions up to 20% of lime and the adoption of a good worming schedule should be taken into consideration.<br/><br/><br/>Keywords: wild animal, disinfection, production, health management
650 ## - ASSUNTO - THESAGRO
Cabeçalho tópico ou nome geográfico PACA
650 ## - ASSUNTO - THESAGRO
Cabeçalho tópico ou nome geográfico CRIAÇÃO
650 ## - ASSUNTO - THESAGRO
Cabeçalho tópico ou nome geográfico PARASITO DE ANIMAL
650 ## - ASSUNTO - THESAGRO
Cabeçalho tópico ou nome geográfico NEMATOIDE
650 ## - ASSUNTO - THESAGRO
Cabeçalho tópico ou nome geográfico DESINFECÇÃO
650 ## - ASSUNTO - THESAGRO
Cabeçalho tópico ou nome geográfico MANEJO
650 ## - ASSUNTO - THESAGRO
Cabeçalho tópico ou nome geográfico DEFESA ANIMAL
773 0# - ENTRADA ANALÍTICA
Host Biblionumber 1643
Registro do item 316242
Imprenta Belo Horizonte-MG Universidade Federal de Minas Gerais - Escola de Veterinaria 1983
Outro identificador 2024-2643
Título Arquivo Brasileiro de Medicina Veterinária e Zootecnia (Brazil)
ISSN 0102-0935
Colação v. 69(4) p. 989-996; (2017)
Número de controle de registro BR2024001666
856 ## - ACESSO E ENDEREÇO ELETRÔNICO
Identificador uniforme de recurso - URI https://www.scielo.br/j/abmvz/a/Rq7g9Ks3jX9VPbQYLjfshhR/?format=pdf&lang=pt

Nenhum exemplar disponível.

BINAGRI

Telefone: (61)3218-2567/2388/3357/2097 - binagri@agro.gov.br

Ministério da Agricultura e Pecuária , Esplanada dos Ministérios, Bloco D, Anexo B, Brasília/DF, CEP: 70.043-900